| 000 | 00538 a2200169 4500 | ||
|---|---|---|---|
| 005 | 20250528145343.0 | ||
| 020 | _a0-471-4484-2 | ||
| 082 | _aLECT 657 WEY | ||
| 100 | _aWEYGANDT, J. J | ||
| 245 | _aAccounting Principles | ||
| 250 | _a7th Ed. | ||
| 260 |
_aDanvers, _bJohn Wiley & Sons, Inc. _c2005. |
||
| 300 |
_axxxii, 1120p.: ill.; figure, graph, picture, table. _bIndex, _c27cm. |
||
| 700 | _aKIESO, D. E. & KIMMEL, P. D. | ||
| 856 |
_yAccess online book _fAccounting Principles _dwww.wiley.com/college/weygandt |
||
| 942 |
_2ddc _cBKS |
||
| 999 |
_c2788 _d2788 |
||